Postgrado en América Latina: investigación sobre el caso de Colombia

Salvato in:
Dettagli Bibliografici
Autori principali: Vélez Bustillo, Eduardo (Autore), Lilia Caro, Blanca (Autore)
Natura: Libro
Lingua:spagnolo
Pubblicazione: Caracas CRESAL 1986
Caracas UNESCO 1986
Soggetti:
Tags: Aggiungi Tag
Nessun Tag, puoi essere il primo ad aggiungerne!!

MARC

LEADER 00000nam a2200000 a 4500
001 UCZ8095
003 CL-VaPUC
008 960112e19860000VE |||||||||||||||||spa|d
082 0 4 |a 378.2  |b VEL  |2 21 
100 0 |a Vélez Bustillo, Eduardo  |e author  |9 353237 
700 0 |a Lilia Caro, Blanca  |e author  |9 353238 
245 1 0 |a Postgrado en América Latina: investigación sobre el caso de Colombia 
300 |a 162 p 
942 |c BK 
945 |d 19960112 00:00:00  |a cmena 
260 |a Caracas  |b CRESAL  |c 1986 
260 |a Caracas  |b UNESCO  |c 1986 
650 0 |a Currículo  |9 307290 
650 7 |a GRADUADOS  |2 CL-VaPUC  |9 353239 
650 0 |a Universidades  |9 256317 
650 0 |a Alumnos   |9 335074 
650 0 |a Investigación educacional   |9 261192 
650 0 |a Planificación de la educación   |9 307333 
650 0 |a Estado y educación   |9 311264 
651 0 |a Colombia  |9 256424 
583 |a last modification  |c 20130414 12:04:33  |k Rodrigo Vera 
999 |c 244055  |d 244053 
952 |0 0  |1 0  |4 0  |6 378_200000000000000_VEL_1986_1986  |7 0  |8 P  |9 257975  |a BIBEDU  |b BIBEDU  |c BIBEDU_PB  |d 2019-11-19  |i 1616927  |o 378.2 VEL 1986 1986  |p 1616927  |r 2019-11-19  |w 2019-11-19  |y BK  |k EDU